O gato das botas (Registo nº 5934)

Detalhes MARC
000 -Etiqueta do registo
Valores 00757nam 22002533 4500
010 ## - Número ISBN
ISBN 972430213X
021 ## - Número do Depósito Legal
Número 62128/92
100 ## - Dados gerais de processamento
Dados gerais 20211231d1993 u||y0pory50 ba
200 ## - Titulo e menção de responsabilidade
Título próprio O gato das botas
Outras menções de responsabilidade il. Agustí Asensio ; trad. Ana Paula Cruz ; adapt. Maria Alberta Menéres
210 ## - Publicação
Local de publicação Porto
Nome do editor Edinter
Data de publicação 1993
215 ## - Descrição física 
Paginação / Volumes [24] p.
Outras indicações físicas il.
225 ## - Colecção 
Título próprio da colecção Contos de Sempre
Indicação de volume 19
606 ## - Nome comum usado como assunto
ID Autoridade 14
Palavra de ordem Literatura infantil
606 ## - Nome comum usado como assunto
ID Autoridade 13
Palavra de ordem Literatura Estrangeira
675 ## - CDU
Notação 82-93
Edição BN
Língua por
675 ## - CDU
Notação 821.1/8.8
Edição BN
Língua por
702 ## - Autor secundário (pessoa individual)
ID Autoridade 3331
Apelido Asensio
Nome Agusti
702 ## - Autor secundário (pessoa individual)
ID Autoridade 5621
Apelido Cruz
Nome Ana Paula
702 ## - Autor secundário (pessoa individual)
ID Autoridade 1075
Apelido Menéres
Nome Maria Alberta
Datas 1930-2019
801 ## - Fonte de origem
País PT
Agência BMVN
Regras de catalogação RPC
830 ## - Notas gerais do catalogador
Criado por Tânia Croca
Data de criação 31/12/2021
990 ## - Elementos KOHA
Tipo de documento Livro
Exemplares
Situação do levantamento Biblioteca de origem Código de barras Cota Permissão de empréstimo Tipo de documento Forma de aquisição
  Biblioteca Municipal de Vendas Novas 100000015122 LI EST/GAT   Livro  

Powered by Koha